Operační systém AMOS pro školní mikropočítač IQ 151 Sborník kurzu uživatelů

Salvato in:
Dettagli Bibliografici
Autore principale: Couf, Petr
Altri autori: Kryl, Rudolf, Peterka, Jiří
Natura: Libro
Lingua:ceco
Pubblicazione: Praha Dům techn. ČSVTS 1987
Edizione:1. vyd.
Tags: Aggiungi Tag
Nessun Tag, puoi essere il primo ad aggiungerne!!

MARC

LEADER 00000nam a2200000 4500
001 c035376
005 20221219103057.0
041 0 |a cze 
044 |a CZ 
245 1 0 |a Operační systém AMOS pro školní mikropočítač IQ 151  |b Sborník kurzu uživatelů  |c Petr Couf, Rudolf Kryl, Jiří Peterka 
250 |a 1. vyd. 
264 1 |a Praha  |b Dům techn. ČSVTS  |c 1987 
300 |a 173 s.  |e 24 s. príl. 
100 1 |a Couf, Petr 
700 1 |a Kryl, Rudolf 
700 1 |a Peterka, Jiří